000 00618nam a2200205Ia 4500
001 9084
003 GE_BSU
008 181216s||||||||xx |||||||||||||| ||und||
040 _cGE_BSU
080 _a821.353.1-32
100 _aლომიძე,ანდრო
245 _aმოთხრობები
245 _cრედ: დ.მაისურაძე;მხატვ:ლ.ქუთათელაძე
260 _aთბილისი.
260 _bსაბჭ.მწერალი.
260 _c1953
300 _a227გვ;20სმ.
653 _aმოთხრობები
942 _cBK
999 _c42388
_d42388